Still Game Characters by Picture - Statistics

General Stats
  • This quiz has been taken 99 times
  • The average score is 17 of 21
Answer Stats
Picture Answer % Correct
Boaby
100%
Eric
98%
Isa
98%
Navid
98%
Tam
98%
Victor
98%
Winston
98%
Jack
95%
Pete
93%
Stevie
93%
Meena
90%
Shug
90%
Harry
85%
Mick
85%
Peggy
78%
Edith
75%
Innes
75%
Chris
53%
Fergie
53%
Frances
48%
Sheathing
38%
No matching quizzes found
Score Distribution
Percent of People with Each Score
Percentile by Number Answered
Your Score History
You have not taken this quiz